La bella Veneziana (Record no. 4640)

MARC details
000 -LEADER
fixed length control field 00637cam a22001931 4500
001 - CONTROL NUMBER
control field af 48001654
003 - CONTROL NUMBER IDENTIFIER
control field DLC
005 - DATE AND TIME OF LATEST TRANSACTION
control field 20260227110850.0
008 - FIXED-LENGTH DATA ELEMENTS--GENERAL INFORMATION
fixed length control field 911009s1944 it ac 000 0 ita c
010 ## - LIBRARY OF CONGRESS CONTROL NUMBER
LC control number af 48001654
035 ## - SYSTEM CONTROL NUMBER
System control number (OCoLC)24522929
040 ## - CATALOGING SOURCE
Original cataloging agency New York. Public Libr.
Transcribing agency CU
Modifying agency CU
-- DLC
050 00 - LIBRARY OF CONGRESS CALL NUMBER
Classification number DG738.14.B5
Item number M3
100 1# - MAIN ENTRY--PERSONAL NAME
Personal name Marinelli, Guido.
245 13 - TITLE STATEMENT
Title La bella Veneziana
Remainder of title (vita ed amori di Bianca Cappello)
Statement of responsibility, etc. Con 15 illus. fuori testo.
260 ## - PUBLICATION, DISTRIBUTION, ETC.
Place of publication, distribution, etc. Milano,
Name of publisher, distributor, etc. EDI,
Date of publication, distribution, etc. 1944.
300 ## - PHYSICAL DESCRIPTION
Extent 241 p.
Other physical details illus., ports.
Dimensions 22 cm.
600 00 - SUBJECT ADDED ENTRY--PERSONAL NAME
Personal name Bianca,
Titles and other words associated with a name Grand-Duchess, consort of Francesco I, Grand-Duke of Tuscany,
Dates associated with a name 1548-1587.

No items available.

Powered by Koha